| 000 | 00632nam a2200217Ia 4500 | ||
|---|---|---|---|
| 005 | 20250508164301.0 | ||
| 008 | 008 250505s9999 xx 000 0 eng d | ||
| 020 | _a0-415-35541-9 | ||
| 037 | _aReference | ||
| 040 |
_aFEDL _beng _cFEDL |
||
| 041 |
_aeng _2eng |
||
| 084 |
_a370.152 3, JAR _qFEDL |
||
| 100 |
_aJarvis Peter _994535 |
||
| 245 | 0 | _aTowards a comprehensive theory of human learning | |
| 260 |
_aLondon, UK _bRoutledge _c2006 |
||
| 300 | _axiii,218p | ||
| 365 |
_aGBP _b22.99 |
||
| 650 |
_aLearning; Psychology - Learning _9777827 |
||
| 942 |
_cREF _h370.152 3, JAR |
||
| 999 |
_c1388135 _d1388135 |
||